| Tag |
First Indicator |
Second Indicator |
Subfields |
| LEADER |
00000cam a2200000 i 4500 |
| 001 |
in00005779871 |
| 005 |
20260427183406.3 |
| 008 |
790216s1789 enk 000 p eng |
| 010 |
|
|
|a 32021528
|
| 040 |
|
|
|a DLC
|b eng
|c TYC
|d OCL
|d OCLCG
|d LGG
|d KRTAS
|d OCLCQ
|d OCLCF
|d OCLCO
|d OCLCA
|d PAU
|d OCLCO
|d PUL
|d OCLCQ
|d OCLCO
|d OCLCL
|d TXA
|
| 035 |
|
|
|a (OCoLC)4661952
|
| 043 |
|
|
|a e-uk---
|
| 050 |
|
4 |
|a PR3765.W7
|b O35 1789
|
| 082 |
0 |
4 |
|a 827.65
|
| 082 |
|
4 |
|a 821.69
|b W848
|
| 100 |
1 |
|
|a Pindar, Peter,
|d 1738-1819.
|1 https://id.oclc.org/worldcat/entity/E39PBJyx9qX4GgbxHMpVMjqRKd
|
| 245 |
1 |
0 |
|a Ode upon ode :
|b or, A peep at St. James's; or, New Year's day; or, What you will /
|c By Peter Pindar, Esq.
|
| 246 |
3 |
0 |
|a Peep at St. James's
|
| 246 |
3 |
0 |
|a New Year's day
|
| 246 |
3 |
0 |
|a What you will
|
| 250 |
|
|
|a Eighth edition.
|
| 264 |
|
1 |
|a London :
|b Printed for G. Kearsley, at Johnson's Head, No. 46, Fleet Street,
|c M.DCC.LXXXIX. [1789]
|
| 300 |
|
|
|a 79 pages, 1 unnumbered page ;
|c 29 cm
|
| 336 |
|
|
|a text
|b txt
|2 rdacontent
|
| 337 |
|
|
|a unmediated
|b n
|2 rdamedia
|
| 338 |
|
|
|a volume
|b nc
|2 rdacarrier
|
| 340 |
|
|
|m 4to
|2 rdabf
|
| 490 |
0 |
|
|a [His Works. London, 1788-95. 29 cm. v. 1, no. 11]
|
| 500 |
|
|
|a Page 35 misnumbered 25; and pages 61-64 misnumbered 63-66.
|
| 500 |
|
|
|a No. 10 in the publisher's list of "Peter Pindar's works", on final page.
|
| 500 |
|
|
|a The Cushing Library/Rare Books copy was acquired as part of the Lois Goddard Morrison Collection of Eighteenth Century Literature.
|5 TXA
|
| 510 |
4 |
|
|a English short title catalogue,
|c T9171
|
| 520 |
|
|
|a Ridiculing the private life of King George III.
|
| 530 |
|
|
|a Also issued online.
|
| 600 |
0 |
0 |
|a George
|b III,
|c King of Great Britain,
|d 1738-1820
|v Poetry.
|
| 600 |
0 |
7 |
|a George
|b III,
|c King of Great Britain,
|d 1738-1820
|2 fast
|1 https://id.oclc.org/worldcat/entity/E39PBJr7RXBFbvQYVPFTv6DH4q
|
| 655 |
|
7 |
|a poetry.
|2 aat
|
| 655 |
|
7 |
|a Poetry
|2 fast
|
| 655 |
|
7 |
|a Verse satire.
|2 lcgft
|
| 655 |
|
7 |
|a Poetry.
|2 lcgft
|
| 655 |
|
7 |
|a Publishers' advertisements
|z England
|y 18th century.
|2 rbgenr
|
| 655 |
|
7 |
|a Publishers' advertisements
|z England
|y 18th century.
|2 rbmscv
|
| 655 |
|
7 |
|a Poésie.
|2 rvmgf
|
| 700 |
1 |
|
|a Kearsley, George,
|d -1790,
|e publisher.
|1 https://id.oclc.org/worldcat/entity/E39PBJvhtG6FfhmpmtHRTVWRrq
|
| 776 |
0 |
8 |
|i Online version:
|a Pindar, Peter, 1738-1819.
|t Ode upon ode.
|b 8th ed.
|d London, G. Kearsley, 1789
|w (OCoLC)578890515
|
| 938 |
|
|
|a Kirtas Technologies, Inc.
|b KRTS
|n 525701
|
| 029 |
1 |
|
|a NZ1
|b 11859228
|
| 994 |
|
|
|a Z0
|b TXA
|
| 948 |
|
|
|h HELD BY TXA - 31 OTHER HOLDINGS
|
| 999 |
f |
f |
|i 1609b0c2-c943-45e3-a7ec-90851a3804f4
|s 068871d0-94fc-4b2d-9896-c0a7a3dac1a2
|t 0
|
| 952 |
f |
f |
|p noncirc
|a Texas A&M University
|b College Station
|c Cushing Memorial Library & Archives
|s cush rare
|d Cushing: Rare Books (Does not check out)
|t 0
|e PR3765.W7 O35 1789
|h Library of Congress classification
|i unmediated -- volume
|m A14853423647
|
| 998 |
f |
f |
|a PR3765.W7 O35 1789
|t 0
|l Cushing: Rare Books (Does not check out)
|